[Event "VIE-ch U17 Girls"]
[Site "Ho Chi Minh City"]
[Date "2022.07.15"]
[Round "7"]
[White "Nguyen, Phuong Ngan"]
[Black "Luu, Ha Bich Ngoc"]
[Result "0-1"]
[WhiteElo "2076"]
[BlackElo "2081"]
[PlyCount "68"]
[EventDate "2022.07.11"]
[EventType "swiss"]
[EventRounds "9"]
[EventCountry "VIE"]
[SourceTitle "EXT 2023"]
[Source "ChessBase"]
[SourceDate "2022.10.05"]
[SourceVersion "1"]
[SourceVersionDate "2022.10.05"]
[SourceQuality "1"]

1. e4 c5 2. Nf3 e6 3. d4 cxd4 4. Nxd4 Nf6 5. Nc3 d6 6. Bc4 a6 7. a4 Qc7 8. Bb3 Nc6 9. Nf3 Be7 10. 0-0 0-0 11. Re1 Rd8 12. h3 b6 13. Bf4 Bb7 14. Qe2 h6 15. e5 dxe5 16. Bxe5 Nxe5 17. Nxe5 Bc5 18. Rad1 Rxd1 19. Rxd1 Rd8 20. Rxd8+ Qxd8 21. Nxf7 Kxf7 22. Qxe6+ Kg6 23. Qf7+ Kh7 24. Qxb7 Qd2 25. Qf3 Qe1+ 26. Kh2 Qxf2 27. Qd3+ g6 28. Ne2 Qe3 29. Qc4 Bd6+ 30. Kh1 Qe5 31. Kg1 h5 32. Qxa6 Ne4 33. Qd3 Bc5+ 34. Kf1 Qf5+ 0-1

[Event "VIE-ch U17 Girls"]
[Site "Ho Chi Minh City"]
[Date "2022.07.14"]
[Round "5"]
[White "Nguyen, Phuong Ngan"]
[Black "Nguyen, My Hanh An"]
[Result "0-1"]
[WhiteElo "2076"]
[BlackElo "2087"]
[PlyCount "62"]
[EventDate "2022.07.11"]
[EventType "swiss"]
[EventRounds "9"]
[EventCountry "VIE"]
[SourceTitle "EXT 2023"]
[Source "ChessBase"]
[SourceDate "2022.10.05"]
[SourceVersion "1"]
[SourceVersionDate "2022.10.05"]
[SourceQuality "1"]

1. e4 c5 2. Nf3 e6 3. d4 cxd4 4. Nxd4 a6 5. Nc3 b5 6. a3 Bb7 7. f3 Qc7 8. Be3 Nf6 9. Bd3 Bc5 10. 0-0 e5 11. Nf5 g6 12. Bxc5 Qxc5+ 13. Kh1 gxf5 14. exf5 Rg8 15. Ne4 Bxe4 16. fxe4 Nc6 17. Rc1 Qf8 18. Be2 Nd4 19. c3 Nxe2 20. Qxe2 Qh6 21. Rce1 Nh5 22. Kg1 Nf4 23. Rxf4 Qxf4 24. Rf1 Qg4 25. Rf3 Rc8 26. Kf1 Rc4 27. b3 Rxe4 28. Qd2 Qh4 29. Rh3 Rf4+ 30. Rf3 Rxf3+ 31. gxf3 Qh3+ 0-1

[Event "VIE-ch U17 Girls"]
[Site "Ho Chi Minh City"]
[Date "2022.07.14"]
[Round "6"]
[White "Phung, Phuong Nguyen"]
[Black "Nguyen, Phuong Ngan"]
[Result "1-0"]
[WhiteElo "2080"]
[BlackElo "2076"]
[PlyCount "59"]
[EventDate "2022.07.11"]
[EventType "swiss"]
[EventRounds "9"]
[EventCountry "VIE"]
[SourceTitle "EXT 2023"]
[Source "ChessBase"]
[SourceDate "2022.10.05"]
[SourceVersion "1"]
[SourceVersionDate "2022.10.05"]
[SourceQuality "1"]

1. e4 e6 2. d4 d5 3. Nc3 Bb4 4. e5 c5 5. a3 Bxc3+ 6. bxc3 c4 7. Qg4 g6 8. Ne2 f6 9. f4 fxe5 10. fxe5 Ne7 11. Bg5 Nbc6 12. g3 Rf8 13. Qh4 Rf7 14. Bh3 Qb6 15. Kd2 Nf5 16. Bxf5 gxf5 17. Rhb1 Qc7 18. Nf4 Qa5 19. Nh5 b5 20. Nf6+ Kd8 21. Nxd5+ Kd7 22. Nf6+ Kc7 23. Ne8+ Kd7 24. Nd6 Rg7 25. Bf6 Nxd4 26. Qxd4 Rg4 27. Qc5 Ba6 28. Nxb5 Bxb5 29. Rxb5 Qa6 30. Rab1 1-0

[Event "VIE-ch U09 Girls"]
[Site "Ho Chi Minh City"]
[Date "2014.07.18"]
[Round "9"]
[White "Vo, Thai Anh Thu"]
[Black "Nguyen, Phuong Ngan"]
[Result "1-0"]
[WhiteElo "1553"]
[BlackElo "1578"]
[PlyCount "97"]
[EventDate "2014.07.13"]
[EventType "swiss"]
[EventRounds "9"]
[EventCountry "VIE"]
[SourceTitle "EXT 2016"]
[Source "ChessBase"]
[SourceDate "2015.10.08"]
[SourceVersion "1"]
[SourceVersionDate "2015.10.08"]
[SourceQuality "1"]

1. e4 e5 2. Nf3 Nc6 3. Nc3 Nf6 4. Bc4 Bc5 5. d3 d6 6. h3 Bd7 7. Bd2 0-0 8. 0-0 Qc8 9. Kh2 a6 10. Bg5 Nh5 11. Nxe5 Nf4 12. Nxf7 Rxf7 13. Bxf7+ Kxf7 14. Bxf4 Kg8 15. Nd5 Be6 16. Ne3 Bxe3 17. fxe3 Qd7 18. d4 d5 19. c4 Ne7 20. cxd5 Bf7 21. Rc1 c6 22. dxc6 bxc6 23. Qg4 Qxg4 24. hxg4 Bxa2 25. Bd6 Ng6 26. Rxc6 a5 27. Ra1 a4 28. e5 Bd5 29. Rc5 Be4 30. e6 Re8 31. d5 Ne5 32. Kh3 Nd3 33. Rc4 Bxd5 34. Rd4 Nb4 35. Rxb4 Bxe6 36. Re4 h5 37. Raxa4 Bxg4+ 38. Kg3 Rxe4 39. Rxe4 g5 40. b4 Kg7 41. b5 Kf6 42. b6 Bc8 43. Rc4 h4+ 44. Kh2 Ba6 45. Rb4 Kg6 46. b7 Bxb7 47. Rxb7 Kh5 48. Rb4 g4 49. Rb5+ 1-0

[Event "VIE-ch U09 Girls"]
[Site "Ho Chi Minh City"]
[Date "2014.07.17"]
[Round "7"]
[White "Tran, Nguyen Kha Nhu"]
[Black "Nguyen, Phuong Ngan"]
[Result "0-1"]
[WhiteElo "1565"]
[BlackElo "1578"]
[PlyCount "80"]
[EventDate "2014.07.13"]
[EventType "swiss"]
[EventRounds "9"]
[EventCountry "VIE"]
[SourceTitle "EXT 2016"]
[Source "ChessBase"]
[SourceDate "2015.10.08"]
[SourceVersion "1"]
[SourceVersionDate "2015.10.08"]
[SourceQuality "1"]

1. e4 e5 2. Nf3 Nc6 3. Bc4 Bc5 4. 0-0 Nf6 5. Nc3 d6 6. d3 0-0 7. Bg5 Bg4 8. Nd5 Nd4 9. Nxf6+ gxf6 10. Be3 Bxf3 11. gxf3 Qd7 12. c3 Nc6 13. d4 exd4 14. cxd4 Bb6 15. a3 Kh8 16. Kh1 Rg8 17. Rg1 Rxg1+ 18. Kxg1 Rg8+ 19. Kh1 Qh3 20. Bf1 Qh5 21. Be2 Qg6 22. Qf1 Nxd4 23. Bxd4 Bxd4 24. Rc1 Bxb2 25. Rxc7 Bxa3 26. Rxb7 Bc5 27. Rb1 a6 28. Bxa6 Qh5 29. Be2 d5 30. f4 Qg6 31. exd5 Qe4+ 32. f3 Qxd5 33. Rd1 Qc6 34. Re1 Qb6 35. Rb1 Qd6 36. Bc4 Rg1+ 37. Qxg1 Bxg1 38. Kxg1 Qd4+ 39. Kf1 Qxc4+ 40. Ke1 Qc3+ 0-1

[Event "VIE-ch U09 Girls"]
[Site "Ho Chi Minh City"]
[Date "2014.07.14"]
[Round "3"]
[White "Nguyen, Hoang Gia Han"]
[Black "Nguyen, Phuong Ngan"]
[Result "1-0"]
[WhiteElo "1588"]
[BlackElo "1578"]
[PlyCount "117"]
[EventDate "2014.07.13"]
[EventType "swiss"]
[EventRounds "9"]
[EventCountry "VIE"]
[SourceTitle "EXT 2016"]
[Source "ChessBase"]
[SourceDate "2015.10.08"]
[SourceVersion "1"]
[SourceVersionDate "2015.10.08"]
[SourceQuality "1"]

1. e4 e5 2. Nf3 Nc6 3. Nc3 Bc5 4. d3 Nf6 5. Be2 d6 6. h3 Be6 7. 0-0 Qd7 8. Kh2 0-0-0 9. a3 h6 10. b4 Bd4 11. Bd2 d5 12. Rb1 Rdg8 13. exd5 Nxd5 14. Nxd5 Bxd5 15. c3 Bb6 16. Be3 Bxe3 17. fxe3 Qd6 18. Kg1 g5 19. Nh2 f5 20. Bg4 Be6 21. Bxf5 Bxf5 22. Rxf5 Qg6 23. Qg4 h5 24. Qe4 g4 25. Rf8+ Kd7 26. Qxg6 Rxg6 27. Rxh8 gxh3 28. Rxh5 hxg2 29. Rb2 a5 30. Rxg2 Rd6 31. d4 exd4 32. exd4 axb4 33. axb4 Na7 34. Rgg5 c6 35. Re5 Kc7 36. d5 Nb5 37. dxc6 Rd1+ 38. Kf2 Rd2+ 39. Re2 Rxe2+ 40. Kxe2 Nxc3+ 41. Kd3 Na4 42. cxb7 Kxb7 43. Rh7+ Kb6 44. Rh5 Nb2+ 45. Kc2 Nc4 46. Kc3 Ne3 47. b5 Nd1+ 48. Kb4 Ne3 49. Rh6+ Kc7 50. Ka5 Nf5 51. Rc6+ Kb7 52. Nf3 Ne3 53. Rb6+ Kc7 54. Ka6 Nd5 55. Rc6+ Kb8 56. Rd6 Nb4+ 57. Kb6 Kc8 58. Ne5 Kb8 59. Rd8# 1-0